00433nam a22001337a 4500008004100000082002000041100003000061245005400091260001700145300001400162942001200176999001300188952009800201230606b xxu||||| |||| 00| 0 eng d a347.290285bCOM cCommonwealth Secretariat  aDigest Summer 2012bCommonwealth Human Rights Law bCommonwealth a355 pages 2ddccBK c607d607 00102ddc4070a001b001d2023-06-06l0o347.290285 COMp1000251r2023-06-06w2023-06-06yBK